| 000 | 00724cam a22002297a 4500 | ||
|---|---|---|---|
| 001 | 0000005147 | ||
| 005 | 20170406120409.0 | ||
| 008 | 970612s1993 enkab 000 0 eng | ||
| 010 | _a 94981988 | ||
| 020 | _a1872502253 | ||
| 035 | _9(DLC) 94981988 | ||
| 040 |
_aDLC _cDLC _dDLC |
||
| 050 | 0 | 0 | _aMLCS 98/02648 (R) |
| 100 | 1 |
_aWilliams, Glen, _d1944-. |
|
| 245 | 1 | 0 |
_aWork against AIDS : _bworkplace-based AIDS initiatives in Zimbabwe / _cby Glen Williams and Sunanda Ray. |
| 250 | _a1st ed. | ||
| 260 |
_aLondon, UK : _bActionAid ; _aNairobi, Kenya : _bAMREF, _c1993. |
||
| 300 |
_a67 p. : _bill., map ; _c21 cm. |
||
| 440 | 0 |
_aStrategies for hope ; _vno. 8 |
|
| 700 | 1 | _aRay, Sunanda. | |
| 908 | _a141204 | ||
| 999 |
_c4951 _d4951 |
||